[Event "Summer Chess Classic-B 2019"]
[Site "Saint Louis"]
[Date "2019.06.24"]
[Round "6.3"]
[White "Kovalenko, Igor"]
[Black "Ganguly, Surya Shekhar"]
[Result "1-0"]
[WhiteElo "2651"]
[BlackElo "2642"]
[Annotator "TA"]
[PlyCount "71"]
[EventDate "2019.06.18"]
[EventType "tourn"]
[EventCountry "USA"]
[SourceTitle "playchess.com"]
[Source "ChessBase"]
[SourceQuality "1"]

{[%evp 14,71,0,0,21,-8,-15,-15,-19,-24,-15,-26,-20,-27,-27,-48,-12,-11,-18,-17,0,0,0,-2,0,0,0,-10,0,-2,0,0,0,0,0,-55,98,70,81,81,96,91,89,80,195,181,179,155,146,97,117,108,496,496,489,489,489,489,486,482]} 1. d4 Nf6 2. c4 e6 3. Nf3 d5 4. Nc3 c6 5. Bg5 dxc4 6. e4 b5 {[%cal Bb7b5,Bb5b4][%mdl 32]} 7. a4 b4 8. Nb1 Be7 {D44: Semi-Slav: Botvinnik System} (8... Ba6 9. e5 h6 10. Bxf6 gxf6 11. exf6 c5 12. Nbd2 c3 13. bxc3 bxc3 14. Ne4 cxd4 15. Bb5+ Bxb5 16. axb5 {1-0 (36) Dubov,D (2690)-Giri,A (2787) Moscow 2019}) 9. Bxf6 (9. e5 $5 {[%cal Re5f6]} Nd5 10. Bxe7 Qxe7 11. Bxc4 $14) 9... Bxf6 10. Bxc4 O-O $146 {The position is equal.} ({Predecessor:} 10... Bb7 11. O-O O-O 12. a5 c5 13. d5 exd5 14. a6 Nxa6 15. Bxa6 Bxa6 16. Rxa6 dxe4 17. Qxd8 Rfxd8 {½-½ (48) Farago,I (2525)-Raicevic,M (2375) Balatonbereny 1984}) 11. a5 Qc7 12. e5 Be7 13. Nbd2 c5 14. d5 exd5 15. Bxd5 Nc6 16. O-O Rb8 17. Re1 b3 18. Qb1 ({Don't play} 18. Nxb3 Rd8 $17) 18... Be6 19. Bxe6 fxe6 20. Qd3 Nxa5 21. Ra4 Rb4 22. Rxb4 cxb4 23. Ra1 {Black must now prevent Qa6.} Qb6 24. Qd7 (24. Qe4 $11) 24... Bd8 $2 (24... Bc5 $15) 25. h3 Qc6 26. Qxa7 h6 27. Qd4 $36 {[%mdl 2048] Black is under strong pressure.} Qc2 28. Ne1 Qf5 {[#]} (28... Qc6 $16) 29. Ndf3 $1 $18 Qf4 30. Qd6 Qc4 31. Rd1 Nc6 32. Qd2 Be7 $2 {[%mdl 8192] [#]} (32... Bg5 $16 {is more resistant.} 33. Nxg5 hxg5) 33. Rc1 $1 {[%cal Rc1c4] White is clearly winning.} Qe4 34. Qd7 $1 {[%csl LRc6,LRe6][%mdl 64] Double Attack} Nxe5 35. Qxe6+ ({But not} 35. Qxe7 Ng6 $18) 35... Kh7 {[%cal Re5f3]} 36. Qxe5 {Accuracy: White = 72%, Black = 52%.} ({Don't do} 36. Nxe5 Bg5 $18) 1-0

[Event "Summer Chess Classic-B 2019"]
[Site "Saint Louis"]
[Date "2019.06.25"]
[Round "7.1"]
[White "Kovalenko, Igor"]
[Black "Fridman, Daniel"]
[Result "1/2-1/2"]
[WhiteElo "2651"]
[BlackElo "2644"]
[Annotator "TA"]
[PlyCount "108"]
[EventDate "2019.06.18"]
[EventType "tourn"]
[EventCountry "USA"]
[SourceTitle "playchess.com"]
[Source "ChessBase"]
[SourceQuality "1"]

{[%evp 23,108,0,11,0,0,0,13,11,10,0,0,-4,-19,-11,81,91,87,97,445,443,643,633,621,610,522,279,252,294,304,296,275,304,297,297,295,-5,291,293,262,95,432,49,109,36,39,8,12,-17,-22,-38,-18,-89,-61,-110,-31,-111,-79,-121,-8,-8,-8,-19,0,0,0,0,0,0,0,0,0,0,0,0,0,4,5,0,0,0,0,0,0,0,0,0,0]} 1. c4 e6 2. Nc3 d5 3. d4 Be7 4. Nf3 Nf6 5. e3 O-O 6. b3 c5 7. Bd3 cxd4 8. exd4 Nc6 9. O-O b6 10. Re1 Bb7 11. Bb2 Rc8 12. Rc1 Re8 13. a3 {E14: Queen's Indian: Classical Variation (4 e3)} (13. cxd5 Nxd5 14. Nxd5 exd5 15. Bf5 Rc7 16. Ne5 Nxe5 17. Rxc7 Qxc7 18. dxe5 Bc5 19. Qg4 a5 20. e6 d4 21. Bxh7+ Kf8 22. Bf5 Qc6 23. Qh3 fxe6 24. Bg6 Rd8 25. Bc1 {1-0 (25) Georgiev,V (2574)-Petkov,V (2517) Albena 2011}) 13... Bf8 14. cxd5 Nxd5 15. Nxd5 Qxd5 16. Be4 Qh5 17. b4 a5 $146 ({Predecessor:} 17... Ba8 18. Qa4 b5 19. Qa6 Nb8 20. Qxa7 Rxc1 21. Bxc1 Bxe4 22. Rxe4 {0-1 (40) Payen,A (2405)-Scavo,F (2255) Pardubice 1998}) 18. bxa5 Qxa5 (18... Nxa5 $11 19. Bxb7 Nxb7) 19. d5 $36 {[%mdl 2048] Keeping Black busy.} exd5 20. Bc3 $1 ({Much weaker is} 20. Qxd5 $6 Qxd5 21. Bxd5 Na5 $11) (20. Bxd5 $2 Rxe1+ 21. Nxe1 Rd8 $19) 20... Qxa3 $2 {[%mdl 8192] [#]} (20... Qb5 $16 {is more resistant.} 21. Bd3 (21. Qxd5 Qxd5 22. Bxd5 Bxa3 $15) 21... Rxe1+ 22. Nxe1 Qc5) 21. Bxh7+ $1 $18 {[%mdl 512]} Kxh7 (21... Kh8 $142) 22. Qd3+ Re4 23. Ng5+ {[%mdl 64] Double Attack, Pin} Kh6 24. Nxe4 dxe4 25. Qxe4 Rd8 26. Qf5 {aiming for g4.} Ne7 27. Qxf7 Kh7 28. Bf6 Bd5 29. Qh5+ Kg8 30. Qg5 $1 Kf7 31. Be5 $2 ({Don't play} 31. Bxe7 $6 Bxe7 32. Rc7 Be6 $18) (31. Rxe7+ $1 $18 {is the precise move to win.} Bxe7 32. Qxg7+ Ke8 33. Re1 $1 {[%mdl 512]}) 31... Rd7 $2 {[%mdl 8192]} (31... Qd3 $16) 32. Rc3 $2 (32. Qh5+ $1 $18 Kg8 33. Bxg7 $1 {[%mdl 512]} Bxg7 34. Qe8+ {[%mdl 64] Double Attack} Bf8 35. Qxd7) 32... Qb4 {[#]} (32... Qa5 $1 $14) 33. h4 (33. Rce3 $1 $16) 33... Kg8 $14 34. Rce3 {[%mdl 1024] And now Bf6 would win. White has compensation.} (34. h5 $5 {[%cal Rh5h6]} Bf7 35. h6 $14) 34... Bf7 $1 35. h5 {White wants to play Ra1.} Rd5 36. Re4 Qd2 37. Qh4 (37. Qg4 $11) 37... Nf5 38. Qh3 Qg5 (38... Nd6 $17 39. Bf4 Qa5 40. Bxd6 Rxd6) 39. g4 (39. Bf4 $1 $15 Qxh5 40. Qxh5 Bxh5 41. Bc7) 39... Nh6 {Hoping for ...Bc5.} 40. Bd4 {[#]} Bc5 (40... Qd8 $1 $17 41. Be3 Rd3 42. Bxb6 Qd7) 41. Bxc5 $11 {The position is equal.} bxc5 42. Qg3 Rd4 43. f3 {Re5 is the strong threat.} Rxe4 44. Rxe4 Bxh5 45. Re5 Qc1+ 46. Re1 Qg5 47. Qb8+ Kh7 48. Qe5 Qxe5 49. Rxe5 Bf7 50. Rxc5 Be6 51. g5 Nf7 52. Kf2 g6 53. f4 Kg7 54. Ke3 Bh3 {Accuracy: White = 46%, Black = 47%.} 1/2-1/2

[Event "Summer Chess Classic-B 2019"]
[Site "Saint Louis"]
[Date "2019.06.25"]
[Round "7.2"]
[White "Ganguly, Surya Shekhar"]
[Black "Gabuzyan, Hovhannes"]
[Result "0-1"]
[WhiteElo "2642"]
[BlackElo "2619"]
[Annotator "TA"]
[PlyCount "72"]
[EventDate "2019.06.18"]
[EventType "tourn"]
[EventCountry "USA"]
[SourceTitle "playchess.com"]
[Source "ChessBase"]
[SourceQuality "1"]

{[%evp 18,80,26,12,8,24,74,37,42,48,66,68,70,60,91,85,112,114,141,137,141,135,133,127,123,137,133,91,94,89,100,84,105,0,104,50,57,40,37,22,25,-44,-37,-50,-55,-347,-340,-328,-300,-431,-368,-427,-408,-445,-417,-482,-482,-488,-475,-528,-517,-521,-513,-484,-443]} 1. e4 c5 2. Nf3 d6 3. d4 cxd4 4. Nxd4 Nf6 5. Nc3 a6 6. Be3 e5 7. Nf3 Qc7 8. a4 Be7 9. Be2 O-O 10. O-O Nbd7 {B90: Sicilian Najdorf: Unusual White 6th moves, 6 Be3 Ng4 and 6 Be3 e5} (10... h6 11. a5 Be6 12. Nd5 Nxd5 13. exd5 Bf5 14. c4 Nd7 15. b4 Rac8 16. Rc1 Bh7 17. Nd2 f5 18. f3 Bg5 19. Qb3 Kh8 {½-½ (41) Anand,V (2773)-Korobov,A (2698) St Petersburg 2018}) 11. Nd2 b6 12. Bc4 Bb7 {White is slightly better.} 13. Qe2 h6 14. Rfd1 Rfc8 15. f3 Nc5 {[#]} 16. Kh1 $146 ({Predecessor:} 16. Bf2 Ne6 17. Ba2 Nf4 18. Qc4 {1-0 (49) Ponkratov,P (2598)-Kiselev,P (2179) St Petersburg 2012}) 16... Qd8 17. Ba2 Ncd7 18. Nc4 Rc6 19. Bb3 Rb8 20. Rd2 Bc8 {With the idea ...b5.} 21. Rad1 Qf8 22. Qf2 Nc5 23. Bxc5 bxc5 24. Na5 Rcb6 25. Nc4 Rc6 26. a5 (26. Qe2 $16) 26... Be6 $14 27. Ba4 Rc7 28. Qf1 ({Much weaker is} 28. Nxd6 Rxb2 29. g4 c4 $15) 28... Rb4 29. Nxd6 (29. Bb3 $11) 29... c4 $15 30. f4 Ng4 $36 {[%mdl 2048] Threatens to win with ...Ne3. White is under pressure.} 31. f5 $2 {[%mdl 8192]} ({Better is} 31. Qf3 $15 exf4 32. Nf5) 31... Ne3 $19 {[%mdl 64] Double Attack} 32. Qf3 Nxd1 33. Qxd1 {[#]} (33. Rxd1 $142 Bxd6 34. fxe6 fxe6 35. Qg4) 33... Bg5 $1 34. fxe6 Bxd2 35. Qxd2 fxe6 {[%cal Rf8f1]} 36. h3 {[#]} Rxb2 {Played: Rb4xa4} 0-1

[Event "Summer Chess Classic-B 2019"]
[Site "Saint Louis"]
[Date "2019.06.25"]
[Round "7.3"]
[White "Oparin, Grigoriy"]
[Black "Sevian, Samuel"]
[Result "1-0"]
[WhiteElo "2644"]
[BlackElo "2677"]
[Annotator "TA"]
[PlyCount "107"]
[EventDate "2019.06.18"]
[EventType "tourn"]
[EventCountry "USA"]
[SourceTitle "playchess.com"]
[Source "ChessBase"]
[SourceQuality "1"]

{[%evp 15,107,18,22,21,17,24,19,17,25,17,14,17,23,20,26,21,41,32,37,32,41,36,45,44,41,41,79,72,58,77,72,60,70,63,70,70,65,61,139,131,217,215,293,221,290,206,254,250,271,247,259,259,228,231,401,391,413,413,413,413,413,413,413,404,1554,1536,2980,1385,2376,1368,1307,1283,6115,5341,29975,29976,29975,29976,29976,29977,29977,29978,29978,29979,29979,29980,29987,29988,29988,29989,29989,29990,29990,29991]} 1. Nf3 d5 2. g3 Nf6 3. Bg2 c5 4. O-O Nc6 5. d4 e6 6. b3 cxd4 7. Nxd4 Be7 8. Bb2 O-O 9. c4 {D02: 1 d4 d5 2 Nf3 sidelines, including 2...Nf6 3 g3 and 2...Nf6 3 Bf4} Bd7 10. cxd5 Nxd5 11. Na3 {The position is equal.} Nxd4 12. Qxd4 {[%csl Gb2][%cal Rd4g7]} Bf6 13. Qd2 Bc6 14. Nc4 Bxb2 15. Qxb2 Nb6 (15... b5 16. Ne5 Bb7 17. a4 bxa4 18. Rfd1 {0-1 (77) Nakamura,H (2777)-Karjakin,S (2773) Saint Louis 2018}) 16. Bxc6 Nxc4 17. Qc3 {[#]} Nd6 $146 {White must now prevent ...Rc8.} ({Predecessor:} 17... Na5 18. Bf3 {½-½ (69) Melkumyan,H (2632)-Lenic,L (2625) Austria 2016}) 18. Bf3 Qb6 19. Rfd1 Rfd8 20. Qe5 Rac8 21. Rd3 $36 {[%mdl 2048] Keeping Black busy.} Ne8 22. Rad1 Rxd3 23. Rxd3 Qc7 24. Qb5 Nd6 25. Qb4 $1 Rd8 26. Bxb7 a5 ({Not} 26... Nxb7 $2 27. Qxb7 $1 {[%mdl 512]} Qc1+ 28. Kg2 $1 $18 {[%mdl 512]}) ({Better is} 26... Qb8 $1 $14) 27. Qf4 $16 Qb6 ({Don't go for} 27... e5 $2 28. Qxe5 Qxb7 29. Rxd6) (27... Qxb7 $16 28. Rxd6 Qe7) 28. Bf3 $18 Nb5 29. Rxd8+ Qxd8 30. Qc4 Nd6 31. Qc5 g6 32. a4 Nf5 {[#]} 33. b4 $1 axb4 34. Qxb4 Qd1+ $2 (34... Qd4 35. Qxd4 Nxd4) 35. Kg2 Nd4 {Now ...Nc2 and Black clings on.} 36. Qb8+ Kg7 37. Qe5+ Kg8 38. a5 Nc2 {intending ...Ne1+.} 39. h4 {Hoping for a6.} Ne1+ {[#]} (39... Qd4 $142 40. Qb8+ Kg7) 40. Kh2 $1 Nxf3+ 41. exf3 Qxf3 {[%mdl 4096] Endgame KQ-KQ} 42. Qb8+ Kg7 43. Qb2+ Kh6 44. a6 e5 45. a7 {White mates.} f5 46. Qa2 Qa8 47. Qa5 f4 48. gxf4 exf4 49. Qg5+ Kg7 50. Qe5+ Kh6 51. Qb8 Qf3 52. a8=Q Qxf2+ 53. Qg2 Qxh4+ 54. Qh3 {Accuracy: White = 98%, Black = 42%.} 1-0

[Event "Summer Chess Classic-B 2019"]
[Site "Saint Louis"]
[Date "2019.06.26"]
[Round "8.1"]
[White "Fridman, Daniel"]
[Black "Oparin, Grigoriy"]
[Result "1/2-1/2"]
[WhiteElo "2644"]
[BlackElo "2644"]
[Annotator "TA"]
[PlyCount "60"]
[EventDate "2019.06.18"]
[EventType "tourn"]
[EventCountry "USA"]
[SourceTitle "playchess.com"]
[Source "ChessBase"]
[SourceQuality "1"]

{[%evp 9,60,-21,6,20,24,28,12,14,22,31,23,20,13,14,26,19,21,10,15,11,31,7,13,-2,0,0,0,0,0,0,0,-3,0,-7,0,0,0,0,0,0,0,0,0,2,2,0,0,0,0,0,0,0,0]} 1. d4 d5 2. c4 e6 3. Nc3 Be7 4. Nf3 Nf6 5. g3 Nbd7 (5... O-O 6. Bg2 dxc4 7. Ne5 c5 8. dxc5 Qxd1+ 9. Nxd1 Bxc5 10. Bd2 Nc6 11. Nxc4 Bd7 12. Nc3 Nd4 13. O-O Bc6 14. Be3 Bxg2 15. Kxg2 Rfc8 16. Rad1 Nf5 17. Bxc5 Rxc5 {½-½ (31) Rapport,R (2726)-Jakovenko,D (2719) Shenzhen 2019}) 6. Bg2 {E01: Catalan: Early deviations} dxc4 7. Nd2 Nb6 8. Nxc4 O-O 9. Ne5 c5 10. dxc5 {[#] Qxd8 is the strong threat.} Qxd1+ 11. Nxd1 Bxc5 12. Nd3 Be7 13. Nc3 {[#]} Rd8 $146 ({Predecessor:} 13... Nfd5 14. Bd2 Rd8 15. Rc1 Nxc3 16. Bxc3 Nd5 17. Bd2 Bd7 18. Nf4 {½-½ (18) Pashikian,A (2608)-Martirosyan,H (2572) Yerevan 2018}) 14. O-O Nbd5 15. Bd2 b6 {The position is equal.} 16. Nf4 Bb7 17. Nfxd5 Nxd5 18. Nxd5 Bxd5 19. Bc3 f6 20. Rfd1 Bxg2 21. Kxg2 Kf7 22. f4 Rxd1 23. Rxd1 Rd8 24. Rxd8 (24. Rc1 {is more complex.} Rc8 25. Kf3 b5 26. Bd2 Rxc1 27. Bxc1 g6 28. Be3) 24... Bxd8 $11 {[%mdl 4096] Endgame KB-KB} 25. Kf3 Ke7 26. Ke4 g6 27. a4 Kd6 28. Kd4 a6 29. e4 b5 30. axb5 axb5 {Accuracy: White = 70%, Black = 75%.} 1/2-1/2

[Event "Summer Chess Classic-B 2019"]
[Site "Saint Louis"]
[Date "2019.06.26"]
[Round "8.2"]
[White "Sevian, Samuel"]
[Black "Ganguly, Surya Shekhar"]
[Result "1-0"]
[WhiteElo "2677"]
[BlackElo "2642"]
[Annotator "TA"]
[PlyCount "75"]
[EventDate "2019.06.18"]
[EventType "tourn"]
[EventCountry "USA"]
[SourceTitle "playchess.com"]
[Source "ChessBase"]
[SourceQuality "1"]

{[%evp 10,75,-11,-12,45,-15,50,-2,11,-37,0,7,58,57,76,66,52,50,65,47,51,34,131,70,72,78,62,56,55,68,60,60,62,69,77,81,55,16,15,14,26,0,262,253,260,258,301,311,317,317,889,273,460,466,450,428,1449,414,921,1394,896,1190,945,870,29971,29972,29964,12033]} 1. e4 e6 2. d4 d5 3. Nc3 Bb4 4. e5 c5 5. Qg4 Ne7 6. dxc5 ({Don't play} 6. Qxg7 Rg8 $17) 6... Bxc5 {C17: French: 3 Nc3 Bb4 4 e5 c5 sidelines} (6... Nbc6 $11) 7. Bd3 (7. Qxg7 $14 Ng6 8. Nb5) 7... Qb6 $146 ({Better is} 7... Ng6 $11) ({Predecessor:} 7... Bd7 8. Nf3 Qb6 9. O-O Qb4 10. Qg3 h5 11. h3 g6 12. a3 Qb6 13. b4 Bd4 14. Nxd4 Qxd4 {1-0 (41) Grabarczyk,B (2441)-Lenhardt,M (2187) Griesheim 2007}) 8. Nh3 ({White should play} 8. Nf3 $14) 8... Nd7 $11 {The position is equal.} 9. f4 g6 (9... Bb4 $5 {[%cal Rd5d4]} 10. Ke2 (10. Qxg7 Rg8 $17) 10... g6 $11) 10. Bd2 Be3 (10... a6 $11) 11. O-O-O $14 Bxd2+ 12. Rxd2 Nc5 13. Qh4 h6 14. g4 Bd7 15. Ng5 Qb4 {[#]} (15... Qd8 $14) 16. Nxf7 ({White should try} 16. Rf1 $1 $16) 16... Nxd3+ 17. cxd3 Kxf7 18. Qf6+ Kg8 19. a3 Qd4 {Strongly threatening ...Rh7.} 20. Qxe7 Rh7 21. Qb4 $1 {[%cal Rb4d4]} Qe3 {White must now prevent ...Rc8.} 22. Nd1 Qf3 23. Rg1 {Threatens to win with f5.} Rf7 24. f5 $36 {[%mdl 2048] Black is under pressure.} exf5 25. Qd4 {Rf2 is the strong threat.} Be6 $2 {[%mdl 8192]} ({Reject} 25... fxg4 $6 26. Rf2 $16) (25... Rc8+ $11 {and Black stays safe.} 26. Kb1 f4) 26. Rf2 $18 Qh3 {[#]} 27. gxf5 $1 Bxf5 28. Ne3 Rc8+ 29. Kd2 Rcf8 $2 (29... Be6 30. Rxg6+ Kh7 31. Rxf7+ Bxf7) 30. Nxf5 $2 (30. e6 Bxe6 31. Rxg6+ Kh7 32. Rfg2 Qxg2+ 33. Rxg2) 30... Rxf5 $2 (30... Kh7 31. Qxd5 Rxf5 32. Qd7+ (32. Qxb7+ Kh8 $16) 32... R8f7 33. Qxf7+ Rxf7 34. Rxf7+ Kg8) 31. Rxg6+ Kh7 32. Rfg2 Rf4 (32... Rg5 $142 33. R6xg5 hxg5 34. Qxd5 Qf5 35. Qxb7+ Rf7) 33. Rg7+ Kh8 {[#]} 34. Qxf4 $1 {[%cal Rf4f8][%mdl 512]} Qxg2+ (34... Rxf4 35. Rg8+) 35. Rxg2 {[%cal Rf4h6]} Rxf4 36. Ke3 Rh4 37. e6 d4+ 38. Kd2 {Accuracy: White = 63%, Black = 47%.} 1-0

[Event "Summer Chess Classic-B 2019"]
[Site "Saint Louis"]
[Date "2019.06.26"]
[Round "8.3"]
[White "Gabuzyan, Hovhannes"]
[Black "Kovalenko, Igor"]
[Result "0-1"]
[WhiteElo "2619"]
[BlackElo "2651"]
[Annotator "RC"]
[PlyCount "158"]
[EventDate "2019.06.18"]
[EventType "tourn"]
[EventCountry "USA"]
[SourceTitle "playchess.com"]
[Source "ChessBase"]
[SourceQuality "1"]
[TimeControl "40/5400+30:1800+30"]

1. c4 {[%emt 0:00:00]} e5 {[%emt 0:00:22]} 2. a3 {[%emt 0:00:56]} c6 {[%emt 0:06:17]} 3. Nf3 {[%emt 0:00:14]} e4 {[%emt 0:01:29]} 4. Nd4 {[%emt 0:00:04]} Bc5 {[%emt 0:00:47]} 5. Nb3 {[%emt 0:00:04]} Bb6 {[%emt 0:00:02]} 6. c5 {[%emt 0:00:06]} Bc7 {[%emt 0:00:02]} 7. Nc3 {[%emt 0:00:04]} Nf6 {[%emt 0:00:02]} 8. Qc2 {[%emt 0:00:05]} Qe7 {[%emt 0:01:53]} 9. g4 {[%emt 0:00:04]} h6 {[%emt 0:04:17]} 10. Bg2 {[%emt 0:01:51]} O-O {[%emt 0:00:26]} 11. h4 {[%emt 0:05:15]} Nxg4 {[%emt 0:02:18]} 12. Qxe4 {[%emt 0:01:47]} Qxe4 {[%emt 0:30:27]} 13. Nxe4 {[%emt 0:00:28]} b6 {[%emt 0:00:03]} 14. d4 {[%emt 0:02:19]} bxc5 {[%emt 0:00:57]} 15. Nbxc5 {[%emt 0:03:26]} d5 {[%emt 0:02:06]} 16. Nc3 {[%emt 0:02:38]} Nd7 {[%emt 0:00:22]} 17. Nxd7 {[%emt 0:00:59]} Bxd7 {[%emt 0:00:03]} 18. Na4 {[%emt 0:01:10]} Nf6 {[%emt 0:00:44]} 19. Bd2 {[%emt 0:07:16]} Rfe8 {[%emt 0:01:50]} 20. Rc1 Bb6 21. Nxb6 {[%emt 0:03:44]} axb6 {[%emt 0:11:15]} 22. f3 {[%emt 0:00:18]} Ra4 {[%emt 0:00:15]} 23. Bb4 {[%emt 0:00:46]} Nh5 {[%emt 0:02:02]} 24. Kf2 {[%emt 0:00:05]} f5 {[%emt 0:00:58]} 25. e3 {[%emt 0:03:39]} Re6 {[%emt 0:06:33]} 26. Bh3 {[%emt 0:06:47]} g6 {[%emt 0:00:09]} 27. Rc3 {[%emt 0:00:31]} Kf7 {[%emt 0:00:09]} 28. Rb3 {[%emt 0:00:12]} Ra6 {[%emt 0:06:23]} 29. Ra1 {[%emt 0:03:57]} Ra4 {[%emt 0:01:04]} 30. Bc3 {[%emt 0:03:08]} b5 {[%emt 0:01:48]} 31. Bb4 {[%emt 0:00:05]} Nf6 {[%emt 0:01:08]} 32. Rc3 {[%emt 0:00:34]} Ra8 {[%emt 0:01:33]} 33. Bc5 {[%emt 0:02:53]} Ree8 {[%emt 0:06:08]} 34. b3 {[%emt 0:12:09]} g5 {[%emt 0:00:04]} 35. a4 {[%emt 0:00:43]} g4 {[%emt 0:00:11]} 36. Bg2 {[%emt 0:00:10]} Kg6 {[%emt 0:10:12]} 37. a5 {[%emt 0:03:14]} Re6 {[%emt 0:00:49]} 38. Bb6 {[%emt 0:02:09]} Kh5 {[%emt 0:00:39]} 39. Bc7 {[%emt 0:01:22]} b4 {[%emt 0:03:00]} 40. Rcc1 {[%emt 0:00:00]} gxf3 {[%emt 0:00:00]} 41. Bxf3+ {[%emt 0:03:05]} Ng4+ {[%emt 0:00:08]} 42. Bxg4+ {[%emt 0:00:10]} fxg4 {[%emt 0:00:06]} 43. a6 {[%emt 0:00:24]} Rf6+ {[%emt 0:02:15]} 44. Ke2 {[%emt 0:11:06]} Rg6 {[%emt 0:05:41]} 45. Bg3 {[%emt 0:07:32]} Ra7 {[%emt 0:02:38]} 46. Bb8 {[%emt 0:02:45]} Ra8 {[%emt 0:00:03]} 47. a7 {[%emt 0:05:34]} g3 {[%emt 0:00:47]} 48. e4 {[%emt 0:02:34]} Kxh4 {[%emt 0:05:42]} 49. exd5 {[%emt 0:06:00]} cxd5 {[%emt 0:00:11]} 50. Rc5 {[%emt 0:01:35]} Bg4+ {[%emt 0:01:17]} 51. Ke3 {[%emt 0:00:23]} g2 {[%emt 0:05:42]} 52. Rg1 {[%emt 0:04:19]} Kh3 {[%emt 0:01:38]} 53. Rxd5 {[%emt 0:03:59]} Rf6 {[%emt 0:00:37]} 54. Rc5 {[%emt 0:02:06]} Rf3+ {[%emt 0:00:38]} 55. Kd2 {[%emt 0:03:00]} Rf8 {[%emt 0:00:26]} 56. Rcc1 {[%emt 0:04:47]} Rfxb8 {[%emt 0:00:11]} 57. axb8=Q {[%emt 0:00:07]} Rxb8 {[%emt 0:00:02]} 58. Rh1+ {[%emt 0:00:05]} gxh1=Q {[%emt 0:01:28]} 59. Rxh1+ {[%emt 0:00:04]} Kg3 {[%emt 0:00:06]} 60. Rxh6 {[%emt 0:00:01]} Bf5 {[%emt 0:00:50]} 61. Rh5 {[%emt 0:02:59]} Kf4 {[%emt 0:01:03]} 62. Rh4+ {[%emt 0:00:02]} Kg5 {[%emt 0:00:20]} 63. Rh1 {[%emt 0:00:24]} Rc8 {[%emt 0:01:15]} 64. Rg1+ {[%emt 0:01:10]} Kf4 {[%emt 0:00:16]} 65. Rf1+ {[%emt 0:00:03]} Ke4 {[%emt 0:00:10]} 66. d5 {[%emt 0:00:02]} Rd8 {[%emt 0:00:13]} 67. Kc2 {[%emt 0:00:07]} Rxd5 {[%emt 0:00:10]} 68. Re1+ {[%emt 0:00:10]} Kd4+ {[%emt 0:00:48]} 69. Kb2 {[%emt 0:00:06]} Re5 {[%emt 0:00:08]} 70. Rf1 {[%emt 0:02:39]} Re2+ {[%emt 0:00:05]} 71. Ka1 {[%emt 0:00:04]} Bc2 {[%emt 0:00:31]} 72. Rf3 {[%emt 0:00:05]} Re3 {[%emt 0:00:31]} 73. Rf8 {[%emt 0:02:25]} Bxb3 {[%emt 0:00:07]} 74. Kb2 {[%emt 0:00:14]} Bd5 {[%emt 0:00:21]} 75. Rf4+ {[%emt 0:00:05]} Re4 {[%emt 0:00:03]} 76. Rf2 {[%emt 0:00:05]} Bc4 {[%emt 0:00:02]} 77. Rd2+ {[%emt 0:00:04]} Kc5 {[%emt 0:00:02]} 78. Rd8 {[%emt 0:00:05]} Re2+ {[%emt 0:00:03]} 79. Ka1 {[%emt 0:00:06]} b3 {[%emt 0:00:09]} 0-1

[Event "Summer Chess Classic-B 2019"]
[Site "Saint Louis"]
[Date "2019.06.27"]
[Round "9.1"]
[White "Gabuzyan, Hovhannes"]
[Black "Fridman, Daniel"]
[Result "0-1"]
[WhiteElo "2619"]
[BlackElo "2644"]
[Annotator "TA"]
[PlyCount "100"]
[EventDate "2019.06.18"]
[EventType "tourn"]
[EventCountry "USA"]
[SourceTitle "playchess.com"]
[Source "ChessBase"]
[SourceQuality "1"]

{[%evp 19,100,-11,-5,-29,-29,-26,-26,-26,-28,-104,-83,-63,-75,-152,148,162,159,154,142,147,146,122,123,106,97,89,87,78,72,0,105,102,157,106,99,85,84,0,0,-390,-387,-381,-370,-381,-378,-368,-381,-369,-324,-317,-347,-349,-372,-349,-347,-515,-467,-441,-463,-686,-686,-674,-35,-72,0,-674,-674,-640,-618,-5601,-5502,-1636,-491,-2797,-1996,-1873,-1836,-29988,-29989,-29989,-29990,-29990,-29991]} 1. c4 e6 2. Nc3 d5 3. d4 Nf6 4. Nf3 c6 5. e3 a6 6. Bd3 dxc4 7. Bxc4 b5 8. Bd3 c5 9. a4 b4 10. Ne4 Nbd7 11. b3 {D48: Semi-Slav: Meran System: 7...b5 8 Bd3 a6} (11. O-O Bb7 12. Nxf6+ Nxf6 13. Qe2 cxd4 14. Rd1 Bd6 15. exd4 O-O 16. Bg5 Be7 17. Rac1 Qa5 18. Ne5 h6 19. Bxf6 Bxf6 20. Nd7 Qd5 21. Nxf6+ gxf6 {½-½ (30) Kunin,V (2557)-Van Foreest,J (2624) Netherlands 2018}) 11... cxd4 12. Nxd4 Bb7 13. Nxf6+ $1 {[#] Black has an edge.} Qxf6 $146 ({Predecessor:} 13... Nxf6 14. O-O {½-½ (14) Molner,M (2459)-Sevillano,E (2514) Los Angeles 2013}) 14. Bb2 (14. O-O $1 $11 {keeps the balance.}) 14... Bxg2 15. Rg1 Bb7 16. Qe2 {[#]} (16. Rc1 $142) 16... Nc5 $2 {[#]} (16... e5 $1 $17 {[%cal Re5d4]} 17. Nf5 g6) 17. Bb5+ $1 $16 {[%mdl 512]} axb5 18. Qxb5+ {[%mdl 64] Double Attack} Nd7 19. Qxb7 Rb8 20. Qc7 {Threatens to win with Nc6!} Qd8 21. Qc6 Rc8 22. Qb5 {aiming for a5.} Rc5 23. Qb7 Rc7 24. Qb5 Rc5 25. Qa6 Ra5 {[#]} (25... Nb8 $142 26. Qb7 Qc7) 26. Qe2 (26. Qd3 $142 $1 {Black must now prevent Nc6.} Rd5 27. e4) 26... Rc5 27. Rd1 Qc8 28. Nb5 (28. f3 $16) 28... Rc2 $36 {[%mdl 2048] Black is more active.} 29. Rd2 $2 {[%mdl 8192] [#]} (29. Qh5 $11 {and White stays safe.} g6 30. Rxg6 hxg6 31. Qxh8) 29... Rxb2 $1 $19 {[%mdl 576] Remove Defender} 30. Rxb2 {And now Rc2 would win.} Qc1+ 31. Qd1 Qxb2 32. Rg4 {intending Rd4.} Bc5 33. Rc4 Qe5 34. Nd6+ Bxd6 ({Less strong is} 34... Qxd6 35. Qxd6 Bxd6 36. Rc8+ Ke7 37. Rxh8 $17) 35. Rc8+ Ke7 36. Rxh8 Qxh2 37. Qg4 (37. Qf3 $142) 37... Qh1+ 38. Ke2 Qd5 39. Qxg7 (39. Rc8 $142 Qxb3 40. Qg5+ Nf6 41. Qxg7 Qa2+ 42. Kf1) 39... Qh5+ 40. Ke1 Qh1+ $2 (40... Be5 $19 41. Rxh7 Qf5) 41. Ke2 $15 Qh5+ $2 {[%mdl 8192]} (41... Qd5 $17 42. Rc8 (42. Qg8 Bc7 $19) 42... e5) 42. Ke1 $19 Be5 {[%mdl 64] Skewer} 43. Rxh7 Qf5 ({Inferior is} 43... Bxg7 44. Rxh5 Kd6 45. Kd1 $11) 44. Qh6 Qd3 {[%cal Re5c3]} 45. Qh4+ Ke8 (45... Bf6 $142 46. Qxb4+ Ke8) 46. f4 (46. Rh8+ $142 Bxh8 47. Qxh8+ Nf8 48. Qb2) 46... Qxe3+ {[%mdl 64] Double Attack} 47. Kf1 Qf3+ 48. Kg1 Bd4+ {Black mates.} 49. Kh2 Qe2+ 50. Kh3 Qf1+ {Accuracy: White = 40%, Black = 63%.} 0-1